[Event "Nova Gorica op 25th"]
[Site "Nova Gorica"]
[Date "2020.01.30"]
[Round "9"]
[White "Kobal, Sasa"]
[Black "Cokan, Mirko"]
[Result "1-0"]
[WhiteElo "2141"]
[BlackElo "1709"]
[PlyCount "55"]
[EventDate "2020.01.24"]
[EventType "swiss"]
[EventRounds "9"]
[EventCountry "SLO"]
[SourceTitle "CBM 194"]
[Source "ChessBase"]
[SourceDate "2020.01.27"]
[SourceVersion "1"]
[SourceVersionDate "2020.01.27"]
[SourceQuality "1"]

1. d4 Nf6 2. Nf3 e6 3. Bf4 Nc6 4. e3 Be7 5. Nbd2 d5 6. c3 h6 7. Bd3 Bd6 8. Ne5 Qe7 9. Nxc6 bxc6 10. 0-0 Bd7 11. Nf3 Bxf4 12. exf4 0-0 13. Ne5 Rab8 14. b4 Qd6 15. Qa4 Rb6 16. Qxa7 Rfb8 17. Qa5 Ne4 18. Bxe4 dxe4 19. Qc5 Be8 20. Qxd6 cxd6 21. Nc4 Ra6 22. Nxd6 f5 23. Nxe8 Rxe8 24. a4 Rea8 25. a5 Rb8 26. f3 Kf7 27. fxe4 fxe4 28. Rae1 1-0

[Event "Nova Gorica op 25th"]
[Site "Nova Gorica"]
[Date "2020.01.26"]
[Round "4"]
[White "Papler, Peter"]
[Black "Kobal, Sasa"]
[Result "0-1"]
[WhiteElo "1666"]
[BlackElo "2141"]
[PlyCount "56"]
[EventDate "2020.01.24"]
[EventType "swiss"]
[EventRounds "9"]
[EventCountry "SLO"]
[SourceTitle "CBM 194"]
[Source "ChessBase"]
[SourceDate "2020.01.27"]
[SourceVersion "1"]
[SourceVersionDate "2020.01.27"]
[SourceQuality "1"]

1. d4 Nf6 2. Bf4 d5 3. Nf3 c5 4. e3 Nc6 5. Nc3 Bf5 6. Bb5 e6 7. Ne5 Rc8 8. Nxc6 bxc6 9. Ba6 Rb8 10. Bxb8 Qxb8 11. Rb1 cxd4 12. exd4 Bd6 13. h3 0-0 14. 0-0 c5 15. dxc5 Bxc5 16. Bd3 Bxh3 17. Kh1 Ng4 18. f4 Bxg2+ 19. Kxg2 Ne3+ 20. Kf3 Nxd1 21. Nxd1 e5 22. fxe5 Qxe5 23. Nc3 Re8 24. Rh1 Qe3+ 25. Kg2 Qf2+ 26. Kh3 Re3+ 27. Kg4 Rg3+ 28. Kh5 Qf3+ 0-1

[Event "Nova Gorica op 25th"]
[Site "Nova Gorica"]
[Date "2020.01.25"]
[Round "3"]
[White "Kobal, Sasa"]
[Black "Beletic, Daniel"]
[Result "0-1"]
[WhiteElo "2141"]
[BlackElo "2291"]
[PlyCount "72"]
[EventDate "2020.01.24"]
[EventType "swiss"]
[EventRounds "9"]
[EventCountry "SLO"]
[SourceTitle "CBM 194"]
[Source "ChessBase"]
[SourceDate "2020.01.27"]
[SourceVersion "1"]
[SourceVersionDate "2020.01.27"]
[SourceQuality "1"]

1. Nf3 d6 2. b3 e5 3. e4 Nf6 4. Nc3 Be7 5. Bb2 c6 6. g3 0-0 7. Bg2 b5 8. a3 a5 9. 0-0 Bg4 10. d3 Nbd7 11. Qd2 Qc7 12. h3 Bh5 13. Nh4 Rfe8 14. Nf5 Bf8 15. Ne2 d5 16. g4 Bg6 17. Neg3 dxe4 18. dxe4 Nc5 19. Qe2 Ne6 20. Rfd1 h5 21. Nh4 hxg4 22. Nxg6 fxg6 23. hxg4 Bc5 24. Rd2 Rf8 25. Rad1 Rf7 26. g5 Nxg5 27. a4 Raf8 28. axb5 cxb5 29. Kh1 Ne6 30. Qxb5 Qe7 31. Qe2 Nf4 32. Qf3 N6h5 33. Qg4 Nxg2 34. Kxg2 Rxf2+ 35. Rxf2 Rxf2+ 36. Kh1 Rf4 0-1

[Event "Palmanova op 8th"]
[Site "Palmanova"]
[Date "2019.12.08"]
[Round "4"]
[White "Lekic, Dusan"]
[Black "Kobal, Sasa"]
[Result "1-0"]
[WhiteElo "2347"]
[BlackElo "2100"]
[PlyCount "131"]
[EventDate "2019.12.06"]
[EventType "swiss"]
[EventRounds "5"]
[EventCountry "ITA"]
[SourceTitle "CBM 193 Extra"]
[Source "ChessBase"]
[SourceDate "2020.01.31"]
[SourceVersion "1"]
[SourceVersionDate "2020.01.31"]
[SourceQuality "1"]

1. d4 d6 2. Nf3 g6 3. e4 Bg7 4. Bc4 Nf6 5. Qe2 c6 6. Bb3 0-0 7. 0-0 d5 8. e5 Ne4 9. Ne1 h6 10. Nd3 Na6 11. c3 c5 12. Nf4 cxd4 13. cxd4 e6 14. Be3 Bd7 15. f3 Ng5 16. Nc3 Nc7 17. Bc2 Rc8 18. h4 Nh7 19. h5 g5 20. Qd3 f5 21. exf6 Nxf6 22. Ng6 Rf7 23. Ne5 Re7 24. g4 Bb5 25. Nxb5 Nxb5 26. Rac1 Nd6 27. Bf2 Rec7 28. Bg3 a6 29. Rf2 Qe8 30. Ng6 Rc6 31. Re1 Nc4 32. Bb1 Rb6 33. Ree2 Qd7 34. Kg2 Bf8 35. Ne5 Qg7 36. Qd1 Bd6 37. b3 Na3 38. Bg6 Bxe5 39. Rxe5 Nb5 40. a4 Nc3 41. Qd3 Rbc6 42. Rc2 b5 43. axb5 Nxb5 44. Rce2 Qd7 45. Qd2 Nc3 46. Re1 Nb5 47. Bf2 Rb8 48. Bb1 Nc3 49. Bc2 a5 50. Qd3 a4 51. bxa4 Qf7 52. a5 Nd7 53. R5e3 Rbc8 54. Qd2 Qf4 55. Qd3 Ne4 56. Rxe4 dxe4 57. Rxe4 Qf6 58. Bb3 Nf8 59. d5 Rc3 60. Qd1 Rc1 61. Qe2 e5 62. d6+ Kh8 63. Rxe5 Qxd6 64. Rd5 Qf4 65. Bd4+ Kh7 66. Qe7+ 1-0

[Event "Palmanova op 8th"]
[Site "Palmanova"]
[Date "2019.12.08"]
[Round "5"]
[White "Lumachi, Gabriele"]
[Black "Kobal, Sasa"]
[Result "1-0"]
[WhiteElo "2241"]
[BlackElo "2100"]
[PlyCount "77"]
[EventDate "2019.12.06"]
[EventType "swiss"]
[EventRounds "5"]
[EventCountry "ITA"]
[SourceTitle "CBM 193 Extra"]
[Source "ChessBase"]
[SourceDate "2020.01.31"]
[SourceVersion "1"]
[SourceVersionDate "2020.01.31"]
[SourceQuality "1"]

1. d4 d6 2. g3 g6 3. Bg2 Bg7 4. e4 Nd7 5. Ne2 e5 6. 0-0 Ngf6 7. Nbc3 0-0 8. h3 c6 9. a4 Re8 10. d5 cxd5 11. Nxd5 Nxd5 12. Qxd5 Nf6 13. Qd1 Be6 14. Nc3 Qa5 15. Nb5 Red8 16. Bd2 Qb6 17. Be3 Qc6 18. Nxa7 Qa6 19. Nb5 Bc4 20. Nc7 Qc6 21. Nxa8 Bxf1 22. Qxf1 Rxa8 23. Qd3 Rxa4 24. Rxa4 Qxa4 25. Qxd6 h5 26. Qb8+ Kh7 27. Qxb7 Qxc2 28. b4 Qb1+ 29. Kh2 Qa2 30. b5 Bh6 31. Qa7 Qc4 32. Qc5 Qa2 33. Bxh6 Kxh6 34. Qxe5 Kg7 35. Qd4 Qb1 36. b6 h4 37. e5 hxg3+ 38. fxg3 Nh5 39. g4 1-0

[Event "Palmanova op 8th"]
[Site "Palmanova"]
[Date "2019.12.07"]
[Round "2"]
[White "Savanovic, Maksim"]
[Black "Kobal, Sasa"]
[Result "0-1"]
[WhiteElo "2062"]
[BlackElo "2100"]
[PlyCount "94"]
[EventDate "2019.12.06"]
[EventType "swiss"]
[EventRounds "5"]
[EventCountry "ITA"]
[SourceTitle "CBM 193 Extra"]
[Source "ChessBase"]
[SourceDate "2020.01.31"]
[SourceVersion "1"]
[SourceVersionDate "2020.01.31"]
[SourceQuality "1"]

1. d4 d5 2. Bf4 c5 3. e3 Nc6 4. c3 Qb6 5. Qb3 c4 6. Qc2 Nf6 7. Nd2 Bg4 8. Ngf3 e6 9. Be2 Bf5 10. Qc1 Be7 11. h3 h6 12. 0-0 0-0 13. b3 cxb3 14. axb3 Na5 15. Qb2 Rfc8 16. Qa2 Nc6 17. Rfc1 a5 18. Ne5 Nxe5 19. Bxe5 Nd7 20. Bg3 Bd6 21. Bxd6 Qxd6 22. c4 Qb4 23. Nf3 dxc4 24. bxc4 a4 25. Nd2 Nf6 26. Bf3 Rab8 27. e4 Bg6 28. Rab1 Qd6 29. Qxa4 Qxd4 30. Rd1 e5 31. Qb3 Nh5 32. Bxh5 Bxh5 33. g4 Bg6 34. Qf3 Rc6 35. Rb5 Rd8 36. Rd5 Rxd5 37. cxd5 Rc3 38. Qe2 Rd3 39. Kg2 Bxe4+ 40. f3 Bxd5 41. Kh2 Qf4+ 42. Kg2 Re3 43. Qf2 e4 44. Nxe4 Bxe4 45. Rf1 Bxf3+ 46. Kg1 Re2 47. Qxe2 Qg3+ 0-1

[Event "SLO-chT1 West 29th"]
[Site "Slovenia"]
[Date "2019.10.19"]
[Round "8.1"]
[White "Vucko, Maja"]
[Black "Kobal, Sasa"]
[Result "0-1"]
[WhiteElo "1843"]
[BlackElo "2059"]
[PlyCount "99"]
[EventDate "2019.09.20"]
[EventType "team-tourn"]
[EventRounds "9"]
[EventCountry "SLO"]
[SourceTitle "CBM 192 Extra"]
[Source "Chessbase"]
[SourceDate "2019.11.06"]
[SourceVersion "1"]
[SourceVersionDate "2019.11.06"]
[SourceQuality "1"]
[WhiteTeam "Kocevje"]
[BlackTeam "Nova Gorica"]
[WhiteTeamCountry "SLO"]
[BlackTeamCountry "SLO"]

1. e4 b6 2. d4 Bb7 3. Nc3 e6 4. Bd3 Nf6 5. Nge2 c5 6. 0-0 Be7 7. e5 Nd5 8. Ne4 Qc7 9. c3 0-0 10. a3 cxd4 11. c4 f5 12. Nd2 Qxe5 13. Nf3 Qd6 14. cxd5 e5 15. Bc4 b5 16. Bxb5 Qxd5 17. Qa4 Rc8 18. b3 Qe6 19. Bc4 d5 20. Bd3 Nd7 21. Nfxd4 exd4 22. Nxd4 Qe5 23. f4 Qc7 24. Nxf5 Bc5+ 25. Kh1 a5 26. b4 axb4 27. Qd1 bxa3 28. Rf3 Bf8 29. Rg3 Nf6 30. Be3 Kh8 31. Nd4 Re8 32. Nb5 Qd7 33. Bd4 Ne4 34. Rh3 Qf7 35. Rf3 Bc6 36. Be5 Rec8 37. Nxa3 Bxa3 38. Bxe4 dxe4 39. Rfxa3 Rxa3 40. Rxa3 Bb5 41. Rg3 Rg8 42. Qd6 Bd7 43. Rc3 Be6 44. Rc7 Qg6 45. Re7 e3 46. h3 e2 47. Bxg7+ Qxg7 48. Rxg7 e1Q+ 49. Kh2 Rxg7 50. Qf8+ 0-1

[Event "Nova Gorica op 24th"]
[Site "Nova Gorica"]
[Date "2019.01.31"]
[Round "9"]
[White "Kobal, Sasa"]
[Black "Acimovic, Vasja"]
[Result "1/2-1/2"]
[WhiteElo "2002"]
[BlackElo "2075"]
[PlyCount "49"]
[EventDate "2019.01.25"]
[EventType "swiss"]
[EventRounds "9"]
[EventCountry "SLO"]
[SourceTitle "CBM 188 Extra"]
[Source "ChessBase"]
[SourceDate "2019.02.26"]
[SourceVersion "1"]
[SourceVersionDate "2019.02.26"]
[SourceQuality "1"]

1. b3 d5 2. Bb2 e6 3. f4 Nf6 4. Nf3 Be7 5. e3 0-0 6. Be2 c5 7. 0-0 b6 8. Ne5 Nfd7 9. d4 Bb7 10. Bd3 Nxe5 11. fxe5 Ba6 12. c4 Nc6 13. Nd2 dxc4 14. Nxc4 Rc8 15. Qh5 g6 16. Qg4 cxd4 17. exd4 b5 18. Nd6 Bxd6 19. exd6 Nb4 20. Bxg6 hxg6 21. Rxf7 Rxf7 22. Qxg6+ Rg7 23. Qxe6+ Kh7 24. Qf5+ Kg8 25. Qe6+ 1/2-1/2

[Event "Nova Gorica op 24th"]
[Site "Nova Gorica"]
[Date "2019.01.28"]
[Round "6"]
[White "Marn, Jan"]
[Black "Kobal, Sasa"]
[Result "1/2-1/2"]
[WhiteElo "2200"]
[BlackElo "2002"]
[PlyCount "120"]
[EventDate "2019.01.25"]
[EventType "swiss"]
[EventRounds "9"]
[EventCountry "SLO"]
[SourceTitle "CBM 188 Extra"]
[Source "ChessBase"]
[SourceDate "2019.02.26"]
[SourceVersion "1"]
[SourceVersionDate "2019.02.26"]
[SourceQuality "1"]

1. d4 b6 2. e4 Bb7 3. Bd3 Nf6 4. Qe2 Nc6 5. Nf3 Nb4 6. Nbd2 Nxd3+ 7. Qxd3 e6 8. 0-0 Be7 9. Re1 0-0 10. e5 Nd5 11. Ne4 f5 12. Ng3 Nb4 13. Qd1 Qe8 14. a3 Na6 15. c4 Qg6 16. Qd3 Kh8 17. b4 Rac8 18. Bf4 Qg4 19. Bd2 Bxf3 20. Qxf3 Qxf3 21. gxf3 c6 22. f4 Nc7 23. a4 a6 24. Ra2 h6 25. Nf1 b5 26. c5 Ra8 27. Rea1 Kh7 28. Kg2 Rg8 29. Kf3 Kg6 30. Ng3 Kf7 31. Ne2 Rgb8 32. Nc1 Bd8 33. Nb3 Be7 34. Ke2 Rg8 35. axb5 axb5 36. Ra7 Rxa7 37. Rxa7 Rc8 38. Na5 Ke8 39. Nb7 Ra8 40. Nd6+ Kd8 41. Nf7+ Kc8 42. Rxa8+ Nxa8 43. Nd6+ Kd8 44. d5 cxd5 45. Nxb5 Nc7 46. Nd4 Na6 47. Kd3 Kc7 48. Kc3 Kb7 49. Bc1 Nb8 50. Ba3 Nc6 51. b5 Nxd4 52. Kxd4 Bh4 53. Ke3 g6 54. Bb2 Be7 55. Bd4 Bd8 56. Kd3 Ba5 57. Be3 Bd8 58. Kc3 Ba5+ 59. Kb3 Bd8 60. Kb4 Be7 1/2-1/2

[Event "Nova Gorica op 24th"]
[Site "Nova Gorica"]
[Date "2019.01.27"]
[Round "5"]
[White "Kobal, Sasa"]
[Black "Ongut, Tamas Gunes"]
[Result "1-0"]
[WhiteElo "2002"]
[BlackElo "2218"]
[PlyCount "79"]
[EventDate "2019.01.25"]
[EventType "swiss"]
[EventRounds "9"]
[EventCountry "SLO"]
[SourceTitle "CBM 188 Extra"]
[Source "ChessBase"]
[SourceDate "2019.02.26"]
[SourceVersion "1"]
[SourceVersionDate "2019.02.26"]
[SourceQuality "1"]

1. b3 e5 2. Bb2 Nc6 3. e3 Nf6 4. Bb5 e4 5. Ne2 a6 6. Bxc6 dxc6 7. 0-0 Bd6 8. Ng3 0-0 9. Nc3 Qe7 10. f4 Re8 11. a4 Bd7 12. Qe2 Rad8 13. h3 Bc8 14. Rad1 Bc5 15. Rfe1 b5 16. d4 exd3 17. Rxd3 b4 18. Rxd8 Rxd8 19. Nd1 Nd5 20. Kh2 Nf6 21. Nf2 Re8 22. e4 g6 23. e5 Nd5 24. Nd3 Ba7 25. Qf3 a5 26. f5 Qf8 27. Qg4 Ba6 28. fxg6 hxg6 29. e6 Bxd3 30. cxd3 Bf2 31. Re2 Bxg3+ 32. Qxg3 Qd6 33. exf7+ Kxf7 34. Be5 Qe6 35. Qh4 Rf8 36. Re4 Rg8 37. Qh7+ Kf8 38. Bf4 Nxf4 39. Rxf4+ Ke8 40. Re4 1-0

[Event "SLO-chT 28th"]
[Site "Slovenia"]
[Date "2018.11.09"]
[Round "4.4"]
[White "Kobal, Sasa"]
[Black "Gjuran, Denis"]
[Result "0-1"]
[WhiteElo "2001"]
[BlackElo "2326"]
[PlyCount "61"]
[EventDate "2018.11.02"]
[EventType "team-tourn"]
[EventRounds "9"]
[EventCountry "SLO"]
[SourceTitle "CBM 187 Extra"]
[Source "ChessBase"]
[SourceDate "2018.11.04"]
[SourceVersion "1"]
[SourceVersionDate "2018.11.04"]
[SourceQuality "1"]
[WhiteTeam "Nova Gorica"]
[BlackTeam "Pomgrad Radenska"]
[WhiteTeamCountry "SLO"]
[BlackTeamCountry "SLO"]

1. b3 e5 2. Bb2 d6 3. e3 Nd7 4. Nf3 g6 5. d4 Bg7 6. dxe5 dxe5 7. Bc4 Nh6 8. 0-0 0-0 9. e4 c6 10. Qd6 Re8 11. Rd1 Qe7 12. Qxe7 Rxe7 13. a4 a5 14. Nc3 Bf8 15. Ne2 Re8 16. Ng3 Bg7 17. Rd2 Nb6 18. Be2 f6 19. Rad1 Nf7 20. Ne1 Be6 21. Bc3 Bf8 22. h3 h5 23. h4 Nc8 24. Bc4 Bxc4 25. bxc4 Nb6 26. c5 Nxa4 27. Ba1 Nxc5 28. Nd3 Ne6 29. Ne2 Bh6 30. f4 exf4 31. Nd4 0-1

[Event "SLO-chT U20"]
[Site "Nova Gorica"]
[Date "2018.06.28"]
[Round "3.3"]
[White "Subelj, Jan"]
[Black "Kobal, Sasa"]
[Result "1-0"]
[WhiteElo "2335"]
[BlackElo "2053"]
[PlyCount "27"]
[EventDate "2018.06.27"]
[EventType "team-tourn"]
[EventRounds "7"]
[EventCountry "SLO"]
[SourceTitle "EXT 2020"]
[Source "ChessBase"]
[SourceDate "2019.10.17"]
[SourceVersion "1"]
[SourceVersionDate "2019.10.17"]
[SourceQuality "1"]
[WhiteTeam "Zalec U20"]
[BlackTeam "Nova Gorica U20"]
[WhiteTeamCountry "SLO"]
[BlackTeamCountry "SLO"]

1. e4 Nc6 2. Nf3 Nf6 3. e5 Ng4 4. d4 d6 5. h3 Nh6 6. Nc3 dxe5 7. d5 e4 8. Nxe4 Nb4 9. Bxh6 gxh6 10. Qe2 e6 11. 0-0-0 Bd7 12. dxe6 fxe6 13. Ne5 Qh4 14. g3 1-0

[Event "Trieste Excelsior Palace op 2nd"]
[Site "Trieste"]
[Date "2018.01.03"]
[Round "2"]
[White "Kobal, Sasa"]
[Black "Bodiroga, Predrag"]
[Result "0-1"]
[WhiteElo "2078"]
[BlackElo "2324"]
[PlyCount "68"]
[EventDate "2018.01.02"]
[EventType "swiss"]
[EventRounds "7"]
[EventCountry "ITA"]
[SourceTitle "CBM 182 Extra"]
[Source "ChessBase"]
[SourceDate "2018.02.23"]
[SourceVersion "1"]
[SourceVersionDate "2018.02.23"]
[SourceQuality "1"]

1. d4 Nf6 2. Nf3 g6 3. Nc3 Bg7 4. e4 0-0 5. g3 d6 6. Bg2 Nc6 7. 0-0 e5 8. dxe5 Nxe5 9. Nxe5 dxe5 10. b3 Bg4 11. f3 Be6 12. Bb2 Qe7 13. Qe2 h5 14. a4 a6 15. Ba3 c5 16. a5 h4 17. Rfd1 hxg3 18. hxg3 Nh5 19. Qf2 Qg5 20. Bxc5 Nxg3 21. Bxf8 Bxf8 22. Nd5 Rc8 23. b4 Bxd5 24. Rxd5 Bxb4 25. Kh2 Nh5 26. Bh3 Qf4+ 27. Kh1 Rc3 28. Bg4 Ng3+ 29. Kg1 Nxe4 30. Rd8+ Kg7 31. Qh4 Bc5+ 32. Kh1 Ng3+ 33. Kg2 Rxc2+ 34. Kh3 Rh2+ 0-1

[Event "Palmanova op 6th"]
[Site "Palmanova"]
[Date "2017.12.08"]
[Round "2"]
[White "Borgo, Giulio"]
[Black "Kobal, Sasa"]
[Result "1-0"]
[WhiteElo "2391"]
[BlackElo "1960"]
[PlyCount "101"]
[EventDate "2017.12.07"]
[EventType "swiss"]
[EventRounds "6"]
[EventCountry "ITA"]
[SourceTitle "CBM 182 Extra"]
[Source "ChessBase"]
[SourceDate "2018.02.23"]
[SourceVersion "1"]
[SourceVersionDate "2018.02.23"]
[SourceQuality "1"]

1. e4 g6 2. d4 Bg7 3. Nc3 d6 4. Bg5 a6 5. Bc4 b5 6. Bb3 Bb7 7. Nf3 Nd7 8. 0-0 Ngf6 9. e5 Ne4 10. Nxe4 Bxe4 11. exd6 cxd6 12. Re1 f5 13. Nd2 h6 14. Nxe4 fxe4 15. Qg4 hxg5 16. Qxe4 Nf8 17. Qc6+ Nd7 18. Qd5 Rf8 19. Rxe7+ Qxe7 20. Qxa8+ Qd8 21. Re1+ Ne5 22. Qxa6 Qb8 23. dxe5 Bxe5 24. Rxe5+ dxe5 25. Qxg6+ Kd7 26. Qxg5 Qd6 27. Qg4+ Kc7 28. Qe2 e4 29. g3 Qd4 30. h4 Rf6 31. Kg2 Qc5 32. c4 bxc4 33. Bc2 Qd4 34. Bxe4 Rb6 35. b3 c3 36. Qe3 Qxe3 37. fxe3 Re6 38. Bh7 Rxe3 39. Kf2 Re7 40. Bd3 Kd8 41. h5 Ke8 42. g4 Kf8 43. h6 Ra7 44. g5 Rxa2+ 45. Ke3 Rg2 46. g6 c2 47. g7+ Kg8 48. Bc4+ Kh7 49. g8Q+ Rxg8 50. Bxg8+ Kxg8 51. Kd2 1-0

[Event "Palmanova op 6th"]
[Site "Palmanova"]
[Date "2017.12.07"]
[Round "1"]
[White "Kobal, Sasa"]
[Black "Loiacono, Antonio"]
[Result "1-0"]
[WhiteElo "1960"]
[BlackElo "2211"]
[PlyCount "99"]
[EventDate "2017.12.07"]
[EventType "swiss"]
[EventRounds "6"]
[EventCountry "ITA"]
[SourceTitle "CBM 182 Extra"]
[Source "ChessBase"]
[SourceDate "2018.02.23"]
[SourceVersion "1"]
[SourceVersionDate "2018.02.23"]
[SourceQuality "1"]

1. d4 Nf6 2. Nf3 g6 3. Nc3 d5 4. Bf4 c6 5. e3 Bg7 6. Be2 0-0 7. Ne5 Nfd7 8. Bg4 Nxe5 9. Bxe5 f6 10. Bg3 Bxg4 11. Qxg4 Qd7 12. Qf3 e5 13. 0-0-0 e4 14. Qe2 Qe6 15. h4 h6 16. h5 g5 17. f4 Nd7 18. Rhf1 b5 19. Kb1 a5 20. f5 Qe7 21. Qd2 Nb6 22. b3 a4 23. Ne2 Ra6 24. b4 Nc4 25. Qc3 a3 26. Nc1 Ra4 27. Be1 Rfa8 28. Nb3 Bf8 29. Nc5 Qe8 30. g4 Bxc5 31. dxc5 Qe5 32. Rd4 Kg7 33. Rh1 Rd8 34. Rh3 Qe7 35. Bg3 Ne5 36. Bxe5 fxe5 37. Rd1 Qf6 38. Qe1 d4 39. exd4 exd4 40. Qxe4 Rxb4+ 41. Rb3 Rxb3+ 42. axb3 Rd5 43. b4 d3 44. c3 Qf7 45. Ka1 Qd7 46. f6+ Kf8 47. Qg6 Qf7 48. Qxh6+ Ke8 49. Qh8+ Kd7 50. Qg7 1-0

[Event "Trieste op 19th"]
[Site "Trieste"]
[Date "2017.09.05"]
[Round "5"]
[White "Kobal, Sasa"]
[Black "Simonetto, Andrea"]
[Result "0-1"]
[WhiteElo "1945"]
[BlackElo "2048"]
[PlyCount "86"]
[EventDate "2017.09.02"]
[EventType "swiss"]
[EventRounds "9"]
[EventCountry "ITA"]
[SourceTitle "CBM 180 Extra"]
[Source "ChessBase"]
[SourceDate "2017.10.06"]
[SourceVersion "1"]
[SourceVersionDate "2017.10.06"]
[SourceQuality "1"]

1. d4 Nf6 2. Bf4 d5 3. e3 e6 4. Nf3 c5 5. c3 Nbd7 6. Nbd2 Be7 7. Bd3 0-0 8. 0-0 b6 9. Ne5 Bb7 10. Qf3 Re8 11. Qh3 Nf8 12. Bb5 N8d7 13. Ndf3 Nxe5 14. Nxe5 Rf8 15. Nc6 Qe8 16. Nxa7 Qd8 17. Nc6 Qe8 18. Nxe7+ Qxe7 19. Bg5 c4 20. b3 Ra3 21. bxc4 Rxc3 22. cxd5 Bxd5 23. Rac1 Rxc1 24. Rxc1 Qa3 25. Rc7 Ne4 26. Bh4 Qb2 27. Bf1 Nd2 28. Qg4 Nxf1 29. Bf6 g6 30. Kxf1 Qb1+ 31. Ke2 Qxa2+ 32. Ke1 Qa5+ 33. Kd1 Bb3+ 34. Ke2 Qa2+ 35. Kd3 Qb1+ 36. Kd2 Ra8 37. e4 h6 38. Qh4 Ra2+ 39. Ke3 Qe1+ 40. Kf3 Bd1+ 41. Kf4 g5+ 42. Bxg5 Qd2+ 43. Kg3 Qxf2+ 0-1

[Event "SLO-chT U20"]
[Site "Murska Sobota"]
[Date "2017.08.29"]
[Round "6"]
[White "Kobal, Sasa"]
[Black "Zidar, Jernej"]
[Result "1-0"]
[WhiteElo "1945"]
[BlackElo "1294"]
[PlyCount "53"]
[EventDate "2017.08.26"]
[EventType "tourn"]
[EventRounds "7"]
[EventCountry "SLO"]
[SourceTitle "EXT 2022"]
[Source "ChessBase"]
[SourceDate "2021.10.06"]
[SourceVersion "1"]
[SourceVersionDate "2021.10.06"]
[SourceQuality "1"]

1. d4 d5 2. Bf4 Nf6 3. e3 e6 4. Nf3 c6 5. Nbd2 Nbd7 6. Bd3 Be7 7. Ne5 Nxe5 8. Bxe5 0-0 9. 0-0 b6 10. Qf3 Bb7 11. Qh3 h6 12. Bxf6 Bxf6 13. f4 c5 14. c3 Qe7 15. g4 cxd4 16. exd4 Rfd8 17. g5 Bxg5 18. fxg5 Qxg5+ 19. Qg3 Qxg3+ 20. hxg3 Rac8 21. Nf3 Rc7 22. Ne5 a6 23. Rf2 Rf8 24. Raf1 Re7 25. Ng6 Ree8 26. Nxf8 Rxf8 27. g4 1-0

[Event "SLO-chT U20"]
[Site "Murska Sobota"]
[Date "2017.08.29"]
[Round "5"]
[White "Suta, Tomaz"]
[Black "Kobal, Sasa"]
[Result "1/2-1/2"]
[WhiteElo "1694"]
[BlackElo "1945"]
[PlyCount "115"]
[EventDate "2017.08.26"]
[EventType "tourn"]
[EventRounds "7"]
[EventCountry "SLO"]
[SourceTitle "EXT 2022"]
[Source "ChessBase"]
[SourceDate "2021.10.06"]
[SourceVersion "1"]
[SourceVersionDate "2021.10.06"]
[SourceQuality "1"]

1. e4 c5 2. Nf3 Nc6 3. d4 cxd4 4. Nxd4 g6 5. Nc3 Bg7 6. Nde2 Nf6 7. g3 0-0 8. Bg2 d6 9. 0-0 Bd7 10. h3 Rc8 11. a4 Ne5 12. Nd5 Nxd5 13. exd5 Nc4 14. Ra2 Qc7 15. b3 Na5 16. Nd4 Rfe8 17. Nb5 Bxb5 18. axb5 Bc3 19. Bd2 b6 20. b4 Qc4 21. Qb1 Bxd2 22. bxa5 Bxa5 23. Rd1 Rc5 24. Bf1 Qc3 25. Rd3 Qf6 26. Qb3 Rec8 27. Rf3 Rc3 28. Rxf6 Rxb3 29. cxb3 exf6 30. Bc4 Re8 31. Re2 Rxe2 32. Bxe2 Kg7 33. Kg2 f5 34. f4 h5 35. g4 fxg4 36. hxg4 h4 37. Kh3 Be1 38. g5 Bd2 39. Kxh4 Bxf4 40. Kg4 Bd2 41. Bd3 f6 42. gxf6+ Kxf6 43. Bc4 g5 44. Kf3 Ke5 45. Ke2 Bc1 46. Kf3 Kd4 47. Ke2 Ke4 48. Kf2 Kf4 49. Kg2 g4 50. Be2 g3 51. Bf1 Be3 52. Be2 Bf2 53. Bd3 Ke5 54. Bc4 Ke4 55. Kf1 Kd4 56. Kg2 Kc3 57. Kf1 Kb4 58. Kg2 1/2-1/2

[Event "SLO-chT U20"]
[Site "Murska Sobota"]
[Date "2017.08.28"]
[Round "4"]
[White "Kobal, Sasa"]
[Black "Zirkelbach, Maj"]
[Result "1-0"]
[WhiteElo "1945"]
[BlackElo "2209"]
[PlyCount "141"]
[EventDate "2017.08.26"]
[EventType "tourn"]
[EventRounds "7"]
[EventCountry "SLO"]
[SourceTitle "EXT 2022"]
[Source "ChessBase"]
[SourceDate "2021.10.06"]
[SourceVersion "1"]
[SourceVersionDate "2021.10.06"]
[SourceQuality "1"]

1. d4 Nf6 2. Bf4 d5 3. e3 c5 4. c3 Nc6 5. Nd2 e6 6. Ngf3 cxd4 7. exd4 Nh5 8. Bg5 f6 9. Ne5 g6 10. Bh4 Be7 11. Nd3 0-0 12. Be2 Ng7 13. f4 e5 14. fxe5 fxe5 15. Bxe7 Qxe7 16. Nxe5 Bh3 17. Rg1 Bxg2 18. Rxg2 Qh4+ 19. Rg3 Qxh2 20. Rf3 Qh4+ 21. Kf1 Nxe5 22. dxe5 Nf5 23. Kg1 Qg5+ 24. Kf2 Nh4 25. Rxf8+ Rxf8+ 26. Nf3 Qg2+ 27. Ke3 Nf5+ 28. Kd2 Ng3 29. Nd4 Rf2 30. e6 Qe4 31. Qg1 Rxe2+ 32. Nxe2 Qxe2+ 33. Kc1 Nf5 34. Qd1 Qxe6 35. b3 Qe4 36. Kb2 d4 37. Rc1 d3 38. Qd2 Qe2 39. Rd1 h5 40. Kc1 Ne3 41. Re1 Qxd2+ 42. Kxd2 Ng2 43. Rg1 Nh4 44. Kxd3 Kf7 45. Ke4 Kf6 46. Kf4 g5+ 47. Ke4 g4 48. c4 Nf3 49. Rh1 Ng5+ 50. Kf4 Nh3+ 51. Ke3 h4 52. c5 Ke5 53. b4 Nf4 54. b5 h3 55. c6 bxc6 56. bxc6 Nd5+ 57. Kf2 Kf4 58. Rd1 g3+ 59. Kg1 Ne3 60. Rd8 h2+ 61. Kh1 Kf3 62. c7 Ng4 63. Rf8+ Ke2 64. c8Q Nf2+ 65. Rxf2+ gxf2 66. Qc4+ Ke1 67. Qe4+ Kd2 68. Qf3 Ke1 69. Qe3+ Kf1 70. Kxh2 a5 71. Kg3 1-0

[Event "Nova Gorica op 22nd"]
[Site "Nova Gorica"]
[Date "2017.02.01"]
[Round "8"]
[White "Kobal, Sasa"]
[Black "Kejzar, Petra"]
[Result "0-1"]
[WhiteElo "1772"]
[BlackElo "2050"]
[PlyCount "64"]
[EventDate "2017.01.27"]
[EventType "swiss"]
[EventRounds "9"]
[EventCountry "SLO"]
[SourceTitle "CBM 176 Extra"]
[Source "ChessBase"]
[SourceDate "2017.03.02"]
[SourceVersion "1"]
[SourceVersionDate "2017.03.02"]
[SourceQuality "1"]

1. Nf3 Nf6 2. d4 g6 3. c4 Bg7 4. e3 0-0 5. Bd3 c5 6. 0-0 cxd4 7. exd4 d5 8. cxd5 Nxd5 9. Nc3 Nc6 10. Be4 Nb6 11. h3 Nxd4 12. Bg5 h6 13. Bh4 f5 14. Nxd4 Qxd4 15. Qb3+ Kh7 16. Bxe7 fxe4 17. Bxf8 Bxf8 18. Qf7+ Qg7 19. Qf4 Bd7 20. Nxe4 Nd5 21. Qd2 Bc6 22. Rad1 Bb4 23. Qc2 Re8 24. a3 Nf4 25. f3 Ba5 26. b4 Bb6+ 27. Kh1 Nh5 28. Rfe1 Bxe4 29. fxe4 Ng3+ 30. Kh2 Qe5 31. Rd7+ Kh8 32. Qb3 Nf1+ 0-1